| Tag |
First Indicator |
Second Indicator |
Subfields |
| LEADER |
00000nam a2200000Ia 4500 |
| 001 |
in00004323939 |
| 005 |
20200812085532.0 |
| 006 |
m g d |
| 007 |
cr bn |||a|bb| |
| 008 |
940812s1659 enk o o00| | eng d |
| 035 |
|
|
|a (UnM)99900180
|
| 037 |
|
|
|a CL0037000107
|b ProQuest Information and Learning. 300 N. Zeeb Rd., Ann Arbor, MI 48106
|
| 040 |
|
|
|a Cu-RivES
|c Cu-RivES
|d CStRLIN
|e dcrb
|d WaOLN
|
| 110 |
1 |
|
|a England and Wales.
|
| 240 |
1 |
0 |
|a Public General Acts. 1659
|
| 245 |
1 |
3 |
|a An Act appointing judges for the Admiralty
|
| 260 |
|
|
|a London :
|b printed by John Field, printer to the Parliament. And are to be sold at the seven Stars in Fleetstreet, over against Dunstans Church,
|c 1659.
|
| 300 |
|
|
|a 1 online resource (1 sheet ([1] pages)
|
| 336 |
|
|
|a text
|b txt
|2 rdacontent
|
| 337 |
|
|
|a computer
|b c
|2 rdamedia
|
| 338 |
|
|
|a online resource
|b cr
|2 rdacarrier
|
| 500 |
|
|
|a Appointing John Godolphin and Charles George Cock to be judges of the admiralty until 10 December 1659.
|
| 500 |
|
|
|a Dated at end: Tuesday, July 19. 1659. Ordered by the Parliament, that this Act be forthwith printed and published. Tho. St Nicholas clerk of the Parliament.
|
| 500 |
|
|
|a Steele notation: Au- Required the.
|
| 500 |
|
|
|a Reproduction of original in the Henry E. Huntington Library.
|
| 510 |
4 |
|
|a Wing (CD-ROM, 1996)
|c E980
|
| 510 |
4 |
|
|a Thomason
|c 669.f.21[62]
|
| 510 |
4 |
|
|a Steele
|c I, 3119
|
| 533 |
|
|
|a Electronic reproduction.
|b Ann Arbor, Mich. :
|c UMI,
|d 1999-
|f (Early English books online)
|n Digital version of: (Early English books, 1641-1700 ; 2555:12)
|7 s1999 miun s
|
| 600 |
1 |
0 |
|a Godolphin, John,
|d 1617-1678
|v Early works to 1800.
|
| 600 |
1 |
0 |
|a Cock, Charles George
|v Early works to 1800.
|
| 650 |
|
0 |
|a Courts
|x Law and legislation
|z England
|v Early works to 1800.
|
| 655 |
|
7 |
|a Broadsides
|z England
|2 rbgenr
|
| 651 |
|
4 |
|a Great Britain
|x History
|y Commonwealth and Protectorate, 1649-1660
|v Early works to 1800.
|
| 830 |
|
0 |
|a Early English books online.
|
| 856 |
4 |
0 |
|u http://proxy.library.tamu.edu/login?url=https://search.proquest.com/docview/2248517588
|z Connect to the full text of this electronic book
|t 0
|
| 999 |
f |
f |
|s 4cd9c627-643a-3b27-9221-9f6bfd4194bd
|i abf0233c-acd1-3561-9791-dedad79a46dd
|t 0
|
| 952 |
f |
f |
|a Texas A&M University
|b College Station
|c Electronic Resources
|d Available Online
|t 0
|h No information provided
|
| 998 |
f |
f |
|t 0
|l Available Online
|